[Event "Est ch 2020 U18"]
[Site "?"]
[Date "2020.01.25"]
[Round "5.9"]
[White "Snitsarenko, Igor"]
[Black "Padari, Tuudur Jakob"]
[Result "1/2-1/2"]
[WhiteElo "1818"]
[BlackElo "1629"]
[PlyCount "43"]
[SourceVersionDate "2020.02.03"]

1. b4 e5 2. Bb2 Bxb4 3. Bxe5 Nf6 4. Nf3 Nc6 5. Bb2 O-O 6. e3 d5 7. Be2 Bf5 8.
O-O Be7 9. d3 b6 10. Nbd2 Bc8 11. c4 Bb7 12. cxd5 Nxd5 13. Qb3 Bf6 14. Rac1
Bxb2 15. Qxb2 Nce7 16. d4 Rc8 17. Rfd1 c6 18. h3 Rc7 19. Nc4 Ng6 20. Nce5 Nxe5
21. Nxe5 Qe7 22. Bf3 1/2-1/2

[Event "Est ch 2020 U18"]
[Site "?"]
[Date "2020.01.25"]
[Round "5.10"]
[White "Olde, Karl Erik"]
[Black "Nazarov, Vladislav"]
[Result "1/2-1/2"]
[WhiteElo "1940"]
[BlackElo "1761"]
[PlyCount "74"]
[SourceVersionDate "2020.02.03"]

1. d4 Nf6 2. c4 e6 3. Nf3 d5 4. e3 Ne4 5. Nbd2 Bb4 6. a3 Bxd2+ 7. Bxd2 Nc6 8.
Bd3 O-O 9. O-O f5 10. Rc1 Bd7 11. b4 a5 12. b5 Ne7 13. Ne5 Be8 14. Be1 Ng6 15.
Nxg6 Bxg6 16. f3 Nd6 17. Bg3 f4 18. Bxf4 Bxd3 19. Qxd3 Nxc4 20. Rc2 a4 21. Rfc1
Qd7 22. Rxc4 dxc4 23. Qxc4 c6 24. bxc6 Qxc6 25. Qxc6 bxc6 26. Rxc6 Rfe8 27. Kf2
Kf7 28. Bd6 Rec8 29. Rb6 Ra7 30. Bc5 Raa8 31. f4 Rab8 32. Ra6 Ra8 33. Rd6 Rd8
34. g4 Rxd6 35. Bxd6 Kf6 36. Kf3 Rd8 37. Bc5 Rb8 1/2-1/2

[Event "Est ch 2020 U18"]
[Site "?"]
[Date "2020.01.25"]
[Round "5.11"]
[White "Tomson, Mihkel"]
[Black "Kuldmaa, Tanel"]
[Result "1-0"]
[WhiteElo "1727"]
[BlackElo "1666"]
[PlyCount "89"]
[SourceVersionDate "2020.02.03"]

1. e4 c5 2. Nf3 Nc6 3. c3 a6 4. d4 cxd4 5. cxd4 e6 6. Nc3 Qc7 7. e5 d6 8. Bf4
b5 9. Rc1 dxe5 10. Nxe5 Bb7 11. Ng6 Qd7 12. Nxh8 Qxd4 13. Qxd4 Nxd4 14. f3 g6
15. Be5 Nc6 16. Nxf7 Kxf7 17. Bg3 Nf6 18. Be2 Bb4 19. O-O Bc5+ 20. Bf2 Nd4 21.
Bxd4 Bxd4+ 22. Kh1 Rc8 23. Bd3 Kg7 24. a3 e5 25. Rfe1 Rd8 26. Bb1 h6 27. Re2
Nh5 28. Ne4 Bxe4 29. Bxe4 Nf4 30. Rec2 a5 31. Rc7+ Kf6 32. g3 Ne6 33. R7c2 b4
34. axb4 axb4 35. Rd1 g5 36. Rc4 Rb8 37. Rd2 h5 38. Rc6 Ke7 39. Bd5 Nf8 40. f4
gxf4 41. gxf4 Be3 42. Rg2 exf4 43. Rg7+ Kd8 44. Rd6+ Kc8 45. Bc4 1-0

[Event "Est ch 2020 U18"]
[Site "?"]
[Date "2020.01.25"]
[Round "5.12"]
[White "Savustjan, Arseni"]
[Black "Naestema, Joonas Aditya"]
[Result "0-1"]
[WhiteElo "1461"]
[BlackElo "1563"]
[PlyCount "58"]
[SourceVersionDate "2020.02.03"]

1. e4 d5 2. exd5 Nf6 3. Bc4 Nxd5 4. Bxd5 Qxd5 5. Nc3 Qxg2 6. Qf3 Qxf3 7. Nxf3
Nc6 8. d3 Bg4 9. Nd2 Nd4 10. Rb1 Nxc2+ 11. Kf1 O-O-O 12. Nb5 a6 13. Na3 Nxa3
14. bxa3 Bf5 15. Rb3 Bxd3+ 16. Ke1 e5 17. Bb2 f6 18. Bc3 Bc5 19. Ba5 Bb5 20.
Rc3 Bd6 21. Ne4 Bc6 22. Nxd6+ Rxd6 23. Rg1 g6 24. h4 Rhd8 25. Rc1 R8d7 26. h5
Bf3 27. Kf1 Rd1+ 28. Rxd1 Rxd1+ 29. Be1 Bxh5 0-1

[Event "Est ch 2020 U18"]
[Site "?"]
[Date "2020.01.25"]
[Round "5.13"]
[White "Raide, Sivert"]
[Black "Makarov, Gleb"]
[Result "1-0"]
[WhiteElo "1607"]
[BlackElo "1671"]
[PlyCount "61"]
[SourceVersionDate "2020.02.03"]

1. d4 Nf6 2. Nf3 e6 3. Bg5 Be7 4. e3 h6 5. Bh4 O-O 6. Bd3 d5 7. Nbd2 c5 8. c3
Nc6 9. Rc1 c4 10. Bb1 b5 11. Qc2 g6 12. O-O b4 13. e4 Nxe4 14. Bxe7 Qxe7 15.
Nxe4 dxe4 16. Qxe4 Bb7 17. Qe2 Na5 18. Ne5 Rac8 19. Qd2 bxc3 20. Rxc3 Kg7 21.
Rg3 c3 22. bxc3 g5 23. f4 f6 24. Ng6 Qd7 25. Nxf8 Rxf8 26. fxg5 hxg5 27. Rxg5+
Kf7 28. Rxf6+ Kxf6 29. Qf4+ Ke7 30. Rg7+ Ke8 31. Bg6+ 1-0

[Event "Est ch 2020 U18"]
[Site "?"]
[Date "2020.01.25"]
[Round "6.1"]
[White "Aga, Rihard"]
[Black "Chukavin, Kirill"]
[Result "1-0"]
[WhiteElo "2057"]
[BlackElo "2336"]
[PlyCount "131"]
[SourceVersionDate "2020.02.03"]

1. d4 d5 2. c4 e6 3. Nc3 c6 4. cxd5 exd5 5. Bf4 Bd6 6. Bxd6 Qxd6 7. Nf3 Bf5 8.
e3 Nf6 9. Nh4 Bg4 10. Qc2 Nbd7 11. h3 Be6 12. Bd3 O-O 13. f4 Nb6 14. O-O Rae8
15. Rae1 Bd7 16. g4 c5 17. g5 cxd4 18. Nb5 Bxb5 19. Bxb5 Nfd7 20. Nf5 Qe6 21.
Nxd4 Qxh3 22. Rf3 Qh5 23. Kg2 Rc8 24. Qb1 Nc5 25. Rh1 Qg6 26. Nf5 Rc7 27. Bd3
Nxd3 28. Qxd3 f6 29. Rg3 fxg5 30. Rxg5 Qf6 31. Nh6+ Kh8 32. Ng4 Qxb2+ 33. Kg3
g6 34. Rxg6 Rg7 35. Rb1 Qxb1 36. Qxb1 Rxg6 37. Qb2+ Kg8 38. Kf3 h6 39. Qb4 h5
40. Ne5 Rg7 41. Qd6 Nc8 42. Qxd5+ Kh8 43. Nd7 Rff7 44. Qxh5+ Kg8 45. Qd5 Kh7
46. Ne5 Ne7 47. Qxb7 Rf5 48. Qe4 Kh8 49. Nc6 Rff7 50. Nd8 Rf6 51. Ne6 Rgg6 52.
Ng5 Nf5 53. Qe8+ Kg7 54. Qd7+ Kg8 55. Qd5+ Kg7 56. Qb7+ Kg8 57. Qa8+ Rf8 58.
Qd5+ Kh8 59. Nf7+ Kg7 60. Qxf5 Rxf7 61. Qe5+ Kg8 62. e4 Ra6 63. Qd5 Kf8 64. f5
Ra4 65. Kf4 Re7 66. f6 1-0

[Event "Est ch 2020 U18"]
[Site "?"]
[Date "2020.01.25"]
[Round "6.2"]
[White "Protassov, Vlad"]
[Black "Andrijashkin, Deniss"]
[Result "1/2-1/2"]
[WhiteElo "1957"]
[BlackElo "1955"]
[PlyCount "38"]
[SourceVersionDate "2020.02.03"]

1. d4 Nf6 2. c4 g6 3. Nc3 Bg7 4. e4 d6 5. Be2 O-O 6. Nf3 e5 7. d5 a5 8. Bg5 h6
9. Bh4 Na6 10. Nd2 Qe8 11. O-O Bd7 12. b3 Nh7 13. f3 f5 14. a3 Nf6 15. Bf2 Nh5
16. Re1 Qe7 17. Kh1 Nf4 18. Bf1 Nc5 19. Qc2 fxe4 1/2-1/2

[Event "Est ch 2020 U18"]
[Site "?"]
[Date "2020.01.25"]
[Round "6.3"]
[White "Pedmanson, Herman"]
[Black "Pedmanson, Albert"]
[Result "1/2-1/2"]
[WhiteElo "1931"]
[BlackElo "1915"]
[PlyCount "77"]
[SourceVersionDate "2020.02.03"]

1. d4 c5 2. c3 cxd4 3. cxd4 d5 4. Nc3 e6 5. Nf3 Nf6 6. Bf4 Bd6 7. Bg3 Nc6 8. e3
a6 9. Bd3 O-O 10. a3 b5 11. O-O Bb7 12. Rc1 Rc8 13. Bb1 Bxg3 14. hxg3 Re8 15.
Nd2 Na5 16. Qf3 Nc4 17. Nxc4 Rxc4 18. g4 e5 19. b3 e4 20. Qf4 Rc6 21. f3 exf3
22. Rxf3 Qc7 23. g5 Ne4 24. Qxc7 Rxc7 25. Bxe4 dxe4 26. Rff1 Rec8 27. Ne2 Rc2
28. Kf2 Kf8 29. Rh1 Ra2 30. Rc5 Rxc5 31. dxc5 Bc8 32. b4 Bg4 33. Re1 Bxe2 34.
Rxe2 Rxa3 35. Rd2 a5 36. bxa5 Rxa5 37. Rd8+ Ke7 38. Rb8 b4 39. Rxb4 1/2-1/2

[Event "Est ch 2020 U18"]
[Site "?"]
[Date "2020.01.25"]
[Round "6.4"]
[White "Pedoson, Georg Aleksander"]
[Black "Sadekov, Maksim"]
[Result "1-0"]
[WhiteElo "2241"]
[BlackElo "1874"]
[PlyCount "39"]
[SourceVersionDate "2020.02.03"]

1. c4 e6 2. Nc3 b6 3. d4 Bb7 4. e4 Bb4 5. Bd3 f5 6. f3 fxe4 7. fxe4 Bxc3+ 8.
bxc3 Bxe4 9. Qh5+ g6 10. Qe5 Bxg2 11. Bg5 (11. Qxh8 Qh4+ 12. Kd1 Kf7 (12... Kf8
13. Ba3+ d6 14. Kc2 Bxh1 (14... Qf2+ 15. Ne2 Bxh1 16. Rxh1) 15. Rf1+) 13. Ne2
Bxh1 14. Bxg6+ Kxg6 15. Qxg8+) 11... Nc6 12. Qg3 Bxh1 13. Bxd8 Kxd8 (13... Nxd8
14. O-O-O Ne7 15. Nh3 Bc6 16. Re1) 14. Nh3 Nce7 15. Qe5 Nf6 16. Qxf6 Re8 17.
O-O-O Bb7 18. Ng5 h6 19. Nf7+ Kc8 20. Nxh6 1-0

[Event "Est ch 2020 U18"]
[Site "?"]
[Date "2020.01.25"]
[Round "6.5"]
[White "Rõtshagov, Nikita"]
[Black "Shnurov, Daniil"]
[Result "1-0"]
[WhiteElo "1953"]
[BlackElo "1752"]
[PlyCount "91"]
[SourceVersionDate "2020.02.03"]

1. e4 c6 2. d4 d5 3. e5 Bf5 4. Nf3 e6 5. Be2 c5 6. Be3 Ne7 7. c4 cxd4 8. Nxd4
Qa5+ 9. Nc3 dxc4 10. O-O Nbc6 11. Bxc4 a6 12. Nxc6 Nxc6 13. Qb3 Qb4 14. Qxb4
Bxb4 15. f4 O-O 16. Rad1 Rac8 17. Be2 Bxc3 18. bxc3 Ne7 19. c4 Be4 20. Rd7 Nf5
21. Bf2 Rfd8 22. Rfd1 Rxd7 23. Rxd7 Bc6 24. Rd2 Kf8 25. g3 Ke8 26. Bb6 g6 27.
Kf2 h5 28. h3 Be4 29. g4 hxg4 30. hxg4 Ng7 31. Ke3 Bc6 32. Bd3 Kf8 33. Rh2 Kg8
34. Rd2 Kf8 35. Be2 Ke8 36. Kd4 Bd7 37. Bf3 Bc6 38. Be2 Bd7 39. Kc3 Bc6 40. Kb4
Bd7 41. a4 Rc6 42. c5 Ke7 43. Bf3 Rc8 44. Bxb7 Rh8 45. c6 Bc8 46. Bc5+ 1-0

[Event "Est ch 2020 U18"]
[Site "?"]
[Date "2020.01.25"]
[Round "6.6"]
[White "Vaino, Nikita"]
[Black "Kull, Tormi"]
[Result "1-0"]
[WhiteElo "1894"]
[BlackElo "1668"]
[PlyCount "85"]
[SourceVersionDate "2020.02.03"]

1. c4 f5 2. Nc3 Nf6 3. g3 e5 4. Bg2 Nc6 5. e4 d6 6. Nge2 g6 7. O-O Bg7 8. f4
O-O 9. Qb3 Kh8 10. d3 Rb8 11. Kh1 Be6 12. Qa4 Bd7 13. Be3 a6 14. Qc2 Ng4 15.
Bg1 Nd4 16. Nxd4 exd4 17. Ne2 c5 18. h3 Nf6 19. b4 fxe4 20. dxe4 Re8 21. bxc5
Nxe4 22. Kh2 d3 23. Qxd3 Bxa1 24. Bxe4 Bg7 25. cxd6 Bc6 26. Bxc6 bxc6 27. Rd1
Rb2 28. Rd2 Rxd2 29. Qxd2 Re6 30. c5 Qe8 31. Nd4 Bxd4 32. Bxd4+ Kg8 33. Be5 Qd7
34. Qa5 Qc8 35. Qb6 Re8 36. Qa7 Rxe5 37. fxe5 Qf5 38. Qb8+ Kg7 39. Qb7+ Kg8 40.
Qxc6 Qxe5 41. d7 Qb2+ 42. Qg2 Qb8 43. Qd5+ 1-0

[Event "Est ch 2020 U18"]
[Site "?"]
[Date "2020.01.25"]
[Round "6.7"]
[White "Uibokant, Mathias Robert"]
[Black "Uibokant, Karl Oskar"]
[Result "1-0"]
[WhiteElo "2126"]
[BlackElo "1714"]
[PlyCount "65"]
[SourceVersionDate "2020.02.03"]

1. d4 d5 2. Bf4 Nf6 3. e3 e6 4. c3 Bd6 5. Bg3 O-O 6. Nf3 c5 7. Bd3 Nc6 8. Nbd2
cxd4 9. exd4 h6 10. Qe2 Re8 11. Ne5 Qc7 12. Ndf3 Nd7 13. Bc2 Bxe5 14. dxe5 b6
15. Qd3 Nf8 16. Ba4 Bd7 17. Bxc6 Bxc6 18. Nd4 Ng6 19. O-O Rac8 20. f4 Bd7 21.
Rae1 Qc5 22. Kh1 Qa5 23. f5 exf5 24. Nxf5 Bb5 25. Qf3 Bxf1 26. Rxf1 Nxe5 27.
Bxe5 Rxe5 28. Nxh6+ Kh7 29. Nxf7 d4 30. Nxe5 Qc5 31. Qh5+ Kg8 32. Qf7+ Kh7 33.
Rf5 1-0

[Event "Est ch 2020 U18"]
[Site "?"]
[Date "2020.01.25"]
[Round "6.8"]
[White "Savinov, Matvei"]
[Black "Orgse, Karl Kristofer"]
[Result "0-1"]
[WhiteElo "1857"]
[BlackElo "1969"]
[PlyCount "72"]
[SourceVersionDate "2020.02.03"]

1. d4 Nf6 2. c4 e6 3. Nc3 Bb4 4. Qc2 d6 5. Bg5 Qe7 6. Qa4+ Nc6 7. d5 Bxc3+ 8.
bxc3 exd5 9. cxd5 Qe5 10. Bxf6 gxf6 11. Qb3 Ne7 12. Rd1 f5 13. Nf3 Qf6 14. Qa4+
Bd7 15. Qd4 Qxd4 16. Rxd4 b5 17. e3 Rg8 18. Nd2 a5 19. a3 b4 20. cxb4 axb4 21.
axb4 Ra1+ 22. Ke2 Ng6 23. f3 Ne5 24. g3 Ke7 25. Bg2 Bb5+ 26. Kf2 Nd3+ 27. Ke2
Nxb4+ 28. Kf2 Nd3+ 29. Rxd3 Rxh1 30. Rb3 Rd1 31. Nb1 Ra8 32. Rb2 Bc4 33. g4 Ra2
34. Rxa2 Bxa2 35. Nc3 Rd2+ 36. Kg3 Bxd5 0-1

[Event "Est ch 2020 U18"]
[Site "?"]
[Date "2020.01.25"]
[Round "6.9"]
[White "Rikas, Artur"]
[Black "Olde, Karl Erik"]
[Result "0-1"]
[WhiteElo "1809"]
[BlackElo "1940"]
[PlyCount "118"]
[SourceVersionDate "2020.02.03"]

1. e4 c5 2. Nc3 Nc6 3. Bb5 d6 4. Bxc6+ bxc6 5. d3 g6 6. f4 Bg7 7. Nf3 e6 8. Be3
Ne7 9. O-O O-O 10. Rb1 Rb8 11. Qd2 Ba6 12. b3 Qc7 13. Ne2 Rbd8 14. c4 d5 15.
Qc2 d4 16. Bf2 f5 17. Ng5 Bc8 18. e5 h6 19. Nf3 Kf7 20. h4 Bd7 21. Qd2 a5 22.
a3 Rb8 23. Rb2 Rb7 24. Rfb1 Ra8 25. Qc2 Bf8 26. Be1 Nc8 27. Kh2 Be7 28. Bd2
Rba7 29. Nc1 a4 30. b4 cxb4 31. axb4 c5 32. b5 Nb6 33. Ra2 Bc8 34. Be1 Bb7 35.
Qf2 Rg8 36. Bd2 g5 37. fxg5 Bxf3 38. Qxf3 hxg5 39. hxg5 Qxe5+ 40. Bf4 Qh8+ 41.
Kg1 Bxg5 42. Bxg5 Rxg5 43. Ne2 Qa8 44. Qh3 Kg8 45. Kf2 Rh7 46. Qf3 Qxf3+ 47.
Kxf3 e5 48. Rg1 Kf7 49. Raa1 Kg6 50. Rh1 Rgh5 51. Rhg1 Rh4 52. Ng3 Rf4+ 53. Ke2
Kg5 54. Nh1 e4 55. Nf2 Kf6 56. Ra3 e3 57. Nh3 Rg4 58. Raa1 Ke5 59. Kf3 a3 0-1

[Event "Est ch 2020 U18"]
[Site "?"]
[Date "2020.01.25"]
[Round "6.10"]
[White "Naestema, Joonas Aditya"]
[Black "Snitsarenko, Igor"]
[Result "1-0"]
[WhiteElo "1563"]
[BlackElo "1818"]
[PlyCount "97"]
[SourceVersionDate "2020.02.03"]

1. d4 Nf6 2. Nf3 g6 3. Bf4 d6 4. e3 Bg7 5. h3 O-O 6. Be2 Nbd7 7. O-O Rb8 8. c4
c5 9. Nc3 a6 10. Rc1 b6 11. a3 Bb7 12. b4 Ne4 13. Nxe4 Bxe4 14. Nd2 Bc6 15. Bf3
Qc8 16. d5 Bb7 17. Rb1 Ne5 18. Be2 Qc7 19. Nf3 Nxf3+ 20. Bxf3 Bc8 21. Qc1 Bd7
22. e4 Rfc8 23. Be2 Qd8 24. h4 b5 25. Qe1 cxb4 26. Rxb4 Bc3 27. Qxc3 a5 28.
Rbb1 bxc4 29. Rxb8 Rxb8 30. Qxc4 Rb2 31. Bf3 Qb6 32. Be3 Qb3 33. Qa6 Qb5 34.
Qa8+ Be8 35. Bd1 a4 36. Bf3 Rb3 37. Bc1 Kg7 38. Qd8 Qd7 39. Qxd7 Bxd7 40. Be2
e6 41. dxe6 fxe6 42. Rd1 Rb6 43. Bd2 Rb3 44. Bb4 d5 45. exd5 exd5 46. Rxd5 Be6
47. Ra5 Rb1+ 48. Kh2 Rb2 49. Bc3+ 1-0

[Event "Est ch 2020 U18"]
[Site "?"]
[Date "2020.01.25"]
[Round "6.11"]
[White "Padari, Tuudur Jakob"]
[Black "Raide, Sivert"]
[Result "0-1"]
[WhiteElo "1629"]
[BlackElo "1607"]
[PlyCount "104"]
[SourceVersionDate "2020.02.03"]

1. e4 d5 2. exd5 Nf6 3. Bb5+ Nbd7 4. c4 a6 5. Ba4 g6 6. Nc3 Bg7 7. Nf3 O-O 8.
Bc2 Nb6 9. b3 e6 10. dxe6 Bxe6 11. Rb1 Re8 12. O-O c5 13. Re1 h6 14. h3 Qc7 15.
Bb2 Nbd7 16. Ne4 Nxe4 17. Bxg7 Nxf2 18. Kxf2 Kxg7 19. d4 cxd4 20. Qxd4+ Kg8 21.
Qh4 Qc5+ 22. Kf1 Kg7 23. Qd4+ Qxd4 24. Nxd4 Nf8 25. Be4 Re7 26. c5 Rd8 27.
Nxe6+ Nxe6 28. b4 Rd4 29. Bf3 Rc7 30. Red1 Rf4 31. Rd6 Nd4 32. Kf2 Nxf3 33.
gxf3 a5 34. a3 axb4 35. axb4 Rf6 36. Rbd1 Rc6 37. Rxc6 Rxc6 38. Rd7 b6 39. cxb6
Rxb6 40. Rd4 f5 41. Ke3 g5 42. Kd3 f4 43. Kc3 Kg6 44. Rd5 Kh5 45. b5 Kh4 46.
Kc4 Kxh3 47. Kc5 Rb8 48. Rd6 Kg3 49. Rxh6 Kxf3 50. b6 g4 51. Rg6 g3 52. Kd4 g2
0-1

[Event "Est ch 2020 U18"]
[Site "?"]
[Date "2020.01.25"]
[Round "6.12"]
[White "Nikitin, Arseni"]
[Black "Tomson, Mihkel"]
[Result "1-0"]
[WhiteElo "1878"]
[BlackElo "1727"]
[PlyCount "89"]
[SourceVersionDate "2020.02.03"]

1. e4 d5 2. exd5 Qxd5 3. Nc3 Qd6 4. d4 Nf6 5. Nf3 a6 6. h3 e6 7. Bd3 Nbd7 8.
O-O b5 9. Ne4 Nxe4 10. Bxe4 Rb8 11. c3 Nf6 12. Bc2 Bb7 13. Ne5 Be7 14. Bf4 Qb6
15. a4 O-O 16. a5 Qa7 17. b4 Rbd8 18. Bg5 Qa8 19. f3 h6 20. Bxf6 Bxf6 21. Ng4
Be7 22. Qd3 g6 23. Nxh6+ Kg7 24. Ng4 Bf6 25. Qe3 Rh8 26. Rad1 Rd5 27. Be4 Rdh5
28. Nxf6 Kxf6 29. Qf4+ Kg7 30. Qxc7 Bxe4 31. fxe4 Qe8 32. Rf3 g5 33. Rdf1 Rf8
34. Qe5+ Kh7 35. g4 f6 36. Qc7+ Rf7 37. Qd6 Rh6 38. Qxa6 Qd7 39. Qb6 Kg7 40.
Qc5 Rf8 41. a6 Rc8 42. Qb6 Rc6 43. Qxb5 Qd6 44. e5 fxe5 45. Qb7+ 1-0

[Event "Est ch 2020 U18"]
[Site "?"]
[Date "2020.01.25"]
[Round "6.13"]
[White "Kuldmaa, Tanel"]
[Black "Nazarov, Vladislav"]
[Result "1/2-1/2"]
[WhiteElo "1666"]
[BlackElo "1761"]
[PlyCount "81"]
[SourceVersionDate "2020.02.03"]

1. d4 Nf6 2. Bf4 d5 3. e3 e6 4. Bd3 Bd6 5. Bg3 c6 6. Nd2 Qc7 7. f4 g5 8. Ne2
Ng4 9. Nf1 Nxe3 10. Nxe3 gxf4 11. Nxd5 cxd5 12. Bh4 Be7 13. Bxe7 Qxe7 14. Nxf4
Qb4+ 15. c3 Qxb2 16. Qc1 Qxc1+ 17. Rxc1 b6 18. Nh5 Ke7 19. Rf1 Ba6 20. Kd2 Bxd3
21. Kxd3 Nd7 22. g4 Rhg8 23. h3 Rac8 24. Rc2 Rc4 25. Rcf2 Rf8 26. Kc2 b5 27. a3
a6 28. Nf6 Nxf6 29. Rxf6 Rc7 30. R1f4 Ke8 31. Rh6 Rh8 32. g5 Rg8 33. Rxh7 Rxg5
34. Rf3 Rg8 35. Rh6 Re7 36. Rhf6 Rg6 37. Rxg6 fxg6 38. Rf6 Kd7 39. Rxg6 Rh7 40.
Rg8 a5 41. Rb8 1/2-1/2

[Event "Est ch 2020 U18"]
[Site "?"]
[Date "2020.01.25"]
[Round "6.14"]
[White "Makarov, Gleb"]
[Black "Savustjan, Arseni"]
[Result "1-0"]
[WhiteElo "1671"]
[BlackElo "1461"]
[PlyCount "53"]
[SourceVersionDate "2020.02.03"]

1. d4 Nf6 2. c4 g6 3. Nf3 Bg7 4. g3 d6 5. Bg2 O-O 6. b3 c5 7. Bb2 Bg4 8. Nbd2
Nbd7 9. O-O Rb8 10. h3 Bxf3 11. Nxf3 Ne8 12. Qc2 f5 13. d5 Qb6 14. Ng5 Bxb2 15.
Qxb2 Ng7 16. f4 Rbe8 17. Rfe1 e6 18. dxe6 Nxe6 19. Nxe6 Rxe6 20. Bd5 Rfe8 21.
e4 Kf8 22. Qh8+ Ke7 23. Qxh7+ Kd8 24. Bxe6 Rxe6 25. Qg8+ Ke7 26. exf5 Rxe1+ 27.
Rxe1+ 1-0

[Event "Est ch 2020 U18"]
[Site "?"]
[Date "2020.01.26"]
[Round "7.1"]
[White "Chukavin, Kirill"]
[Black "Protassov, Vlad"]
[Result "1/2-1/2"]
[WhiteElo "2336"]
[BlackElo "1957"]
[PlyCount "41"]
[SourceVersionDate "2020.02.03"]

1. e4 c6 2. d4 d5 3. exd5 cxd5 4. Bd3 Nc6 5. c3 Nf6 6. Bf4 Bg4 7. Qb3 Qd7 8.
Nd2 e6 9. Ngf3 Bxf3 10. Nxf3 Bd6 11. Bxd6 Qxd6 12. Qxb7 O-O 13. Rb1 Rab8 14.
Qa6 Rb6 15. Qa4 e5 16. Be2 exd4 17. Nxd4 Nxd4 18. Qxd4 Re8 19. Kf1 Qe7 20. Qd1
Ne4 21. Bf3 1/2-1/2

[Event "Est ch 2020 U18"]
[Site "?"]
[Date "2020.01.26"]
[Round "7.2"]
[White "Pedoson, Georg Aleksander"]
[Black "Aga, Rihard"]
[Result "1/2-1/2"]
[WhiteElo "2241"]
[BlackElo "2057"]
[PlyCount "99"]
[SourceVersionDate "2020.02.03"]

1. c4 Nf6 2. Nc3 c6 3. d4 d5 4. e3 e6 5. Nf3 Be7 6. Bd3 dxc4 7. Bxc4 b5 8. Bd3
a6 9. O-O c5 10. dxc5 Bxc5 11. Qc2 Nbd7 12. e4 Bb7 13. Bg5 Qb6 14. Qe2 h6 15.
Bh4 Nh5 16. Bg3 Nxg3 17. hxg3 O-O 18. a3 Rac8 19. Rac1 Bd6 20. Kh1 Ne5 21. Bb1
Rc7 22. Nh4 Nc4 23. Nf3 Rfc8 24. Na2 Be7 25. Rfd1 Bf6 26. Rc2 Ba8 27. Nb4 Qb7
28. Re1 Rd8 29. Ba2 a5 30. Nd3 Qxe4 31. Qxe4 Bxe4 32. Rxe4 Rxd3 33. a4 Nd6 34.
Rxc7 Nxe4 35. Rc8+ Kh7 36. axb5 Rd1+ 37. Kh2 Nxf2 38. g4 e5 39. Kg3 Nh1+ 40.
Kh3 e4 41. b6 exf3 42. gxf3 Be5 43. Re8 f6 44. b7 Bf4 45. b8=Q Bxb8 46. Rxb8
Nf2+ 47. Kg3 Nd3 48. Bg8+ Kg6 49. Be6 Ne5 50. Bf5+ 1/2-1/2

[Event "Est ch 2020 U18"]
[Site "?"]
[Date "2020.01.26"]
[Round "7.3"]
[White "Andrijashkin, Deniss"]
[Black "Rõtshagov, Nikita"]
[Result "1-0"]
[WhiteElo "1955"]
[BlackElo "1953"]
[PlyCount "115"]
[SourceVersionDate "2020.02.03"]

1. g3 d5 2. Bg2 c5 3. d3 Nc6 4. Nf3 e5 5. e4 dxe4 6. dxe4 Qxd1+ 7. Kxd1 f6 8.
c3 Be6 9. Kc2 O-O-O 10. Nbd2 Nh6 11. h3 Nf7 12. Nf1 Nd6 13. N3d2 Nc4 14. b3 Nd6
15. Ne3 b5 16. Bb2 b4 17. Bf1 Kb7 18. Rc1 a6 19. Ndc4 Nb5 20. Nd5 Bd6 21. a4
Nxc3 22. Bxc3 bxc3 23. Nce3 Nb4+ 24. Kb1 Bxd5 25. Nxd5 Nxd5 26. exd5 Kb6 27.
Rxc3 Ka5 28. Ka2 Rb8 29. Bd3 Rb4 30. Rhc1 Rd4 31. Bc4 h5 32. Rd3 Re4 33. Rf3
Rd4 34. Rd3 Rxd3 35. Bxd3 h4 36. g4 g5 37. Kb2 Rd8 38. Bf5 Be7 39. Be6 Rb8 40.
Rc4 Rb4 41. Kc3 Rb8 42. f3 Bd6 43. Bf5 Rb6 44. Bc2 Rb8 45. Kd3 Be7 46. Ke4 Kb6
47. Kf5 Kc7 48. Ke6 Kd8 49. a5 Rb5 50. d6 Bf8 51. Ra4 Rb8 52. Ra1 Bg7 53. Bd3
Rxb3 54. Bxa6 e4 55. Bc4 f5 56. Bxb3 Bxa1 57. a6 e3 58. a7 1-0

[Event "Est ch 2020 U18"]
[Site "?"]
[Date "2020.01.26"]
[Round "7.4"]
[White "Vaino, Nikita"]
[Black "Pedmanson, Herman"]
[Result "1/2-1/2"]
[WhiteElo "1894"]
[BlackElo "1931"]
[PlyCount "103"]
[SourceVersionDate "2020.02.03"]

1. c4 c5 2. Nc3 Nc6 3. g3 Nf6 4. Bg2 e6 5. e4 d5 6. exd5 exd5 7. cxd5 Nb4 8. d3
Nfxd5 9. Nxd5 Nxd5 10. Ne2 Be7 11. O-O O-O 12. Nf4 Nb6 13. Be3 Qc7 14. Rc1 g5
15. Nd5 Nxd5 16. Bxd5 Bh3 17. Re1 Rad8 18. Be4 Be6 19. Qc2 f5 20. Bg2 Qd7 21.
d4 f4 22. Bd2 f3 23. Bf1 Bf5 24. Qb3+ Kh8 25. Bb5 Qc7 26. dxc5 Bf6 27. Bc3 a6
28. Bxf6+ Rxf6 29. Qc3 Rdf8 30. Re8 Qg7 31. Rxf8+ Rxf8 32. Bc4 Qxc3 33. Rxc3
Be4 34. Re3 Bc6 35. Kf1 Rd8 36. Rd3 Rxd3 37. Bxd3 Kg7 38. Ke1 Kf6 39. Kd2 h6
40. Ke3 Ke5 41. Bc4 g4 42. Bf7 Bb5 43. b4 Ba4 44. Bh5 Bd7 45. Kd3 Bf5+ 46. Kc3
Bd7 47. Bg6 Ba4 48. Bd3 Bd7 49. Bc4 Be8 50. a3 Bd7 51. Bb3 Be8 52. Bc4 1/2-1/2

[Event "Est ch 2020 U18"]
[Site "?"]
[Date "2020.01.26"]
[Round "7.5"]
[White "Olde, Karl Erik"]
[Black "Uibokant, Mathias Robert"]
[Result "1/2-1/2"]
[WhiteElo "1940"]
[BlackElo "2126"]
[PlyCount "68"]
[SourceVersionDate "2020.02.03"]

1. d4 e6 2. c4 Nf6 3. Nf3 b6 4. e3 Bb7 5. Bd3 Bb4+ 6. Bd2 Qe7 7. Nc3 Bxc3 8.
Bxc3 Ne4 9. O-O f5 10. Be1 d6 11. Nd2 Nxd2 12. Bxd2 O-O 13. Qc2 Nd7 14. b4 Kh8
15. Rac1 e5 16. f4 e4 17. Be2 Nf6 18. d5 b5 19. cxb5 Nxd5 20. Bc4 Nf6 21. Bc3
Rfc8 22. Qb2 c6 23. bxc6 Rxc6 24. Bb3 Rac8 25. Bd4 Ba6 26. Rxc6 Rxc6 27. Rc1
Rxc1+ 28. Qxc1 h5 29. Qc6 Bb7 30. Qb5 d5 31. h3 a6 32. Qb6 Kh7 33. a4 Kg6 34.
b5 Qb4 1/2-1/2

[Event "Est ch 2020 U18"]
[Site "?"]
[Date "2020.01.26"]
[Round "7.6"]
[White "Orgse, Karl Kristofer"]
[Black "Raide, Sivert"]
[Result "1-0"]
[WhiteElo "1969"]
[BlackElo "1607"]
[PlyCount "95"]
[SourceVersionDate "2020.02.03"]

1. e4 d5 2. Nf3 Bg4 3. exd5 Qxd5 4. Nc3 Qd8 5. d4 Nf6 6. h3 Bxf3 7. Qxf3 c6 8.
Be3 e6 9. Be2 Nbd7 10. O-O-O Nb6 11. Bg5 Be7 12. Rhe1 h6 13. Bxf6 Bxf6 14. Ne4
Rg8 15. Nc5 Qc7 16. Qa3 Be7 17. Bh5 g6 18. Bg4 Qf4+ 19. Kb1 Bxc5 20. dxc5 Nd5
21. Bf3 Rd8 22. Qxa7 Qb4 23. Bxd5 cxd5 24. c3 Qb5 25. a4 Qc6 26. Qb6 Qxb6 27.
cxb6 Ra8 28. Rxd5 Rxa4 29. Rd6 Ke7 30. Red1 Rb8 31. Rd7+ Kf6 32. Rc7 Ra6 33.
Rdd7 Rxb6 34. Rxf7+ Kg5 35. Kc2 Rd8 36. Rxb7 Rbd6 37. Rb5+ Rd5 38. Rxd5+ Rxd5
39. c4 Rd4 40. Kc3 Re4 41. b4 Re1 42. b5 Rc1+ 43. Kd4 Rd1+ 44. Kc5 Rb1 45. b6
Rb2 46. b7 Rb1 47. Kc6 Rb4 48. c5 1-0

[Event "Est ch 2020 U18"]
[Site "?"]
[Date "2020.01.26"]
[Round "7.7"]
[White "Sadekov, Maksim"]
[Black "Naestema, Joonas Aditya"]
[Result "1-0"]
[WhiteElo "1874"]
[BlackElo "1563"]
[PlyCount "63"]
[SourceVersionDate "2020.02.03"]

1. d4 d5 2. c4 e6 3. Nc3 Nf6 4. Bg5 Be7 5. e3 h6 6. Bh4 O-O 7. Nf3 b6 8. Bd3
dxc4 9. Bxc4 Bb7 10. O-O c5 11. Qe2 Nc6 12. Rfd1 Qc7 13. dxc5 Na5 14. Bd3 Qxc5
15. Rac1 Qh5 16. Bxf6 Bxf6 17. Ne4 Bxe4 18. Bxe4 Rad8 19. Rxd8 Rxd8 20. b4 Be5
21. h3 f5 22. Bd3 Bb8 23. bxa5 e5 24. axb6 e4 25. bxa7 exf3 26. axb8=Q Rxb8 27.
Qxf3 Qe8 28. Qd5+ Kh8 29. Qxf5 Qg8 30. Qg6 Rb2 31. Rc8 Qxc8 32. Qh7# 1-0

[Event "Est ch 2020 U18"]
[Site "?"]
[Date "2020.01.26"]
[Round "7.8"]
[White "Kull, Tormi"]
[Black "Shnurov, Daniil"]
[Result "0-1"]
[WhiteElo "1668"]
[BlackElo "1752"]
[PlyCount "56"]
[SourceVersionDate "2020.02.03"]

1. e4 c6 2. Nc3 d5 3. Nf3 Nf6 4. e5 Ne4 5. Ne2 Bg4 6. d4 e6 7. Ng3 Nxg3 8. hxg3
c5 9. c3 Nc6 10. Be3 cxd4 11. Bxd4 Qc7 12. Qa4 Be7 13. O-O-O h6 14. Re1 a6 15.
Kb1 O-O-O 16. Bd3 Bxf3 17. gxf3 Nxd4 18. cxd4 Qb6 19. Rc1+ Kb8 20. Rc2 Rc8 21.
Rhc1 Rxc2 22. Rxc2 Rd8 23. Rc3 Qb4 24. Qxb4 Bxb4 25. Rc2 Rc8 26. Re2 Ba5 27.
Bh7 g6 28. Rc2 Rh8 0-1